Name a Valid American Surname - Statistics

General Stats
  • This quiz has been taken 12 times
  • The average score is 10 of 20
Answer Stats
Guess a surname that... # Answer % Correct
...is a standard color 5 ⠀⠀⠀⠀⠀⠀⠀⠀✔⠀⠀⠀⠀⠀⠀⠀⠀
90%
...is also in the top 1000 male given names in the US (2024) 186 ⠀⠀⠀⠀⠀⠀⠀⠀✔⠀⠀⠀⠀⠀⠀⠀⠀
80%
...is 3 letters or less and NOT Asian in origin 7
80%
...is a title of nobility or royalty 7 ⠀⠀⠀⠀⠀⠀⠀⠀✔⠀⠀⠀⠀⠀⠀⠀⠀
80%
...ends in -man 19 ⠀⠀⠀⠀⠀⠀⠀⠀✔⠀⠀⠀⠀⠀⠀⠀⠀
70%
...contains the letter X 14 ⠀⠀⠀⠀⠀⠀⠀⠀✔⠀⠀⠀⠀⠀⠀⠀⠀
70%
...is an animal 11 ⠀⠀⠀⠀⠀⠀⠀⠀✔⠀⠀⠀⠀⠀⠀⠀⠀
70%
...is a U.S. city with 100k+ people 25 ⠀⠀⠀⠀⠀⠀⠀⠀✔⠀⠀⠀⠀⠀⠀⠀⠀
60%
...is the name of at least one Pope 7 ⠀⠀⠀⠀⠀⠀⠀⠀✔⠀⠀⠀⠀⠀⠀⠀⠀
60%
...is a geographic/natural feature 7 ⠀⠀⠀⠀⠀⠀⠀⠀✔⠀⠀⠀⠀⠀⠀⠀⠀
50%
...is Spanish in origin and does NOT contain the letters C, S, or Z 64 ⠀⠀⠀⠀⠀⠀⠀⠀✔⠀⠀⠀⠀⠀⠀⠀⠀
40%
...is Celtic in origin and does NOT start with Mc, Mac, or O' 60 ⠀⠀⠀⠀⠀⠀⠀⠀✔⠀⠀⠀⠀⠀⠀⠀⠀
40%
...is six or more letters long, but only one syllable 33 ⠀⠀⠀⠀⠀⠀⠀⠀✔⠀⠀⠀⠀⠀⠀⠀⠀
40%
...is a British city 5 ⠀⠀⠀⠀⠀⠀⠀⠀✔⠀⠀⠀⠀⠀⠀⠀⠀
40%
...is a proper verb 38 ⠀⠀⠀⠀⠀⠀⠀⠀✔⠀⠀⠀⠀⠀⠀⠀⠀
30%
...is a demonym 6 ⠀⠀⠀⠀⠀⠀⠀⠀✔⠀⠀⠀⠀⠀⠀⠀⠀
30%
...contains eight or more unique letters 55 ⠀⠀⠀⠀⠀⠀⠀⠀✔⠀⠀⠀⠀⠀⠀⠀⠀
20%
...does not contain A, E, I, O or U 5 ⠀⠀⠀⠀⠀⠀⠀⠀✔⠀⠀⠀⠀⠀⠀⠀⠀
20%
...contains two sets of double letters 19 ⠀⠀⠀⠀⠀⠀⠀⠀✔⠀⠀⠀⠀⠀⠀⠀⠀
0%
...becomes a word when spelled backwards 16 ⠀⠀⠀⠀⠀⠀⠀⠀✔⠀⠀⠀⠀⠀⠀⠀⠀
0%
No matching quizzes found
Score Distribution
Percent of People with Each Score
Percentile by Number Answered
Your Score History
You have not taken this quiz